[Event "Jaffna op"]
[Site "Jaffna"]
[Date "2023.12.10"]
[Round "6"]
[White "Minsara, SD Sadev"]
[Black "Pavalachandran, Ashvini"]
[Result "1/2-1/2"]
[WhiteElo "1406"]
[BlackElo "1670"]
[PlyCount "68"]
[EventDate "2023.12.08"]
[EventType "swiss"]
[EventRounds "10"]
[EventCountry "SRI"]
[SourceTitle "CBM 217 Extra"]
[Source "ChessBase"]
[SourceDate "2024.01.31"]
[SourceVersion "1"]
[SourceVersionDate "2024.01.31"]
[SourceQuality "1"]

1. c4 g6 2. Nc3 Bg7 3. g3 Nf6 4. Bg2 0-0 5. d4 d6 6. e4 e5 7. d5 a5 8. Nge2 Na6 9. f3 Bd7 10. Be3 b6 11. Qd2 Rb8 12. Nb5 Bxb5 13. cxb5 Nc5 14. Bxc5 dxc5 15. a4 Ne8 16. 0-0 Nd6 17. b3 Qe7 18. Rac1 Rbe8 19. Nc3 h5 20. Nb1 Kh7 21. Qe2 h4 22. Bh3 Bh6 23. Rce1 Qg5 24. Kg2 Qe7 25. Na3 Bg7 26. Nc4 Rh8 27. g4 Bh6 28. Kh1 Bf4 29. Rg1 Kg7 30. Rd1 Qg5 31. Rg2 Kf8 32. Rf1 Kg7 33. Rd1 Kf8 34. Rf1 Kg7 1/2-1/2

[Event "Asia Nations online Cup (Women)"]
[Site "Chess.com INT"]
[Date "2020.10.17"]
[Round "5.12"]
[White "Pavalachandran, Ashvini"]
[Black "Faqeeh, Rahaf"]
[Result "1-0"]
[WhiteElo "1722"]
[BlackElo "1432"]
[PlyCount "85"]
[EventDate "2020.10.11"]
[EventType "team-swiss (rapid)"]
[EventRounds "9"]
[EventCountry "IND"]
[SourceTitle "CBM 198 Extra"]
[Source "ChessBase"]
[SourceDate "2020.11.30"]
[SourceVersion "1"]
[SourceVersionDate "2020.11.30"]
[SourceQuality "1"]
[WhiteTeam "Sri Lanka (W)"]
[BlackTeam "Palestine (W)"]
[WhiteTeamCountry "SRI"]
[BlackTeamCountry "PLE"]

1. d4 Nf6 2. c4 e6 3. Nc3 Bb4 4. Qc2 c5 5. dxc5 Bxc5 6. Nf3 0-0 7. e3 Nc6 8. a3 d5 9. cxd5 Nxd5 10. Bd3 Nf6 11. 0-0 e5 12. Ne4 Nxe4 13. Bxe4 Bb6 14. Bxh7+ Kh8 15. Be4 Bd7 16. Bxc6 Bxc6 17. Nxe5 Rc8 18. Nxc6 Rxc6 19. Qe2 Qf6 20. Qf3 Qxf3 21. gxf3 Rg6+ 22. Kh1 Bc7 23. f4 Rh6 24. Rg1 f6 25. Rg2 g5 26. fxg5 fxg5 27. Bd2 Be5 28. Rb1 Rf3 29. Bc3 Bf6 30. Rc1 g4 31. Bxf6+ Rhxf6 32. Kg1 b5 33. Rc2 a5 34. Rxg4 Kh7 35. Kg2 R3f5 36. f4 Kh6 37. Rc8 Rf8 38. Rxf8 Rxf8 39. Kf3 Rc8 40. Rg2 Rc4 41. f5 b4 42. axb4 axb4 43. Rg4 1-0

[Event "SRI-ch (Women)"]
[Site "Colombo"]
[Date "2020.09.19"]
[Round "8"]
[White "Pavalachandran, Ashvini"]
[Black "Abeysinghe, HMH Janandani"]
[Result "1-0"]
[WhiteElo "1614"]
[BlackElo "1519"]
[PlyCount "67"]
[EventDate "2020.09.11"]
[EventType "tourn"]
[EventRounds "13"]
[EventCountry "SRI"]
[SourceTitle "CBM 198 Extra"]
[Source "ChessBase"]
[SourceDate "2020.11.30"]
[SourceVersion "1"]
[SourceVersionDate "2020.11.30"]
[SourceQuality "1"]

1. d4 Nf6 2. c4 g6 3. Nc3 Bg7 4. e4 d6 5. Nf3 0-0 6. Be2 Nc6 7. d5 Nb8 8. Bg5 h6 9. Bh4 g5 10. Nxg5 hxg5 11. Bxg5 Nh7 12. Be3 a6 13. h4 e6 14. Bd4 Bxd4 15. Qxd4 Qf6 16. Qd2 Nd7 17. g4 Nc5 18. g5 Qe7 19. b4 Nd7 20. h5 Nb6 21. g6 fxg6 22. hxg6 Nf6 23. 0-0-0 exd5 24. Rh6 Nxe4 25. Nxe4 dxe4 26. Rdh1 e3 27. Qd4 Qe5 28. Rh8+ Kg7 29. R1h7+ Kxg6 30. Bh5+ Kg5 31. f4+ Rxf4 32. Rg8+ Kf6 33. Rf7+ Ke6 34. Re8# 1-0

[Event "Online Olym Div3 B"]
[Site "Chess.com INT"]
[Date "2020.08.09"]
[Round "8.3"]
[White "Pavalachandran, Ashvini"]
[Black "Ferreira, Ana Margarida"]
[Result "1-0"]
[WhiteElo "1713"]
[BlackElo "1783"]
[PlyCount "79"]
[EventDate "2020.08.07"]
[EventType "team-tourn (rapid)"]
[EventRounds "9"]
[EventCountry "USA"]
[SourceTitle "CBM 198"]
[Source "ChessBase"]
[SourceDate "2020.10.31"]
[SourceVersion "1"]
[SourceVersionDate "2020.10.31"]
[SourceQuality "1"]
[WhiteTeam "Sri Lanka"]
[BlackTeam "Portugal"]
[WhiteTeamCountry "SRI"]
[BlackTeamCountry "POR"]

1. d4 Nf6 2. c4 g6 3. Nc3 Bg7 4. e4 d6 5. Nf3 0-0 6. Be2 e5 7. d5 Nh5 8. 0-0 h6 9. Re1 f5 10. Nd2 Nf6 11. f3 f4 12. Rb1 a5 13. a3 g5 14. b4 Qe8 15. c5 Qg6 16. Nb5 g4 17. Nxc7 Rf7 18. Nxa8 Bf8 19. Nb6 gxf3 20. Bxf3 Bg4 21. cxd6 axb4 22. Nbc4 Nbd7 23. axb4 Rg7 24. Bb2 Qh5 25. Bxg4 Nxg4 26. h3 b5 27. hxg4 Rxg4 28. Na3 Bxd6 29. Nc2 Bb8 30. Ra1 Nb6 31. Ra6 Bc7 32. Qf3 Qh4 33. Rea1 Kg7 34. d6 Bxd6 35. Rxb6 Rg3 36. Qf2 Be7 37. Rb7 Kf6 38. Nf3 Qg4 39. Ra6+ Kf7 40. Nxe5+ 1-0

[Event "SRI-chB (Women)"]
[Site "Maharaga"]
[Date "2020.03.07"]
[Round "2.3"]
[White "Pavalachandran, Ashvini"]
[Black "Herath, HMMD"]
[Result "0-1"]
[WhiteElo "1713"]
[BlackElo "1383"]
[PlyCount "124"]
[EventDate "2020.03.06"]
[EventType "swiss"]
[EventRounds "11"]
[EventCountry "SRI"]
[SourceTitle "CBM 195 Extra"]
[Source "ChessBase"]
[SourceDate "2020.05.31"]
[SourceVersion "1"]
[SourceVersionDate "2020.05.31"]
[SourceQuality "1"]

1. d4 Nf6 2. c4 g6 3. Nc3 d5 4. cxd5 Nxd5 5. e4 Nxc3 6. bxc3 Bg7 7. Bc4 0-0 8. Ne2 c5 9. 0-0 Nc6 10. Be3 Bg4 11. f3 Bd7 12. Rb1 Rc8 13. Bd5 e6 14. Bxc6 Bxc6 15. dxc5 Qa5 16. Qb3 Rfe8 17. Qb4 Qc7 18. Nd4 Rb8 19. Rfc1 Bf8 20. Qc4 Rec8 21. Nb3 e5 22. Rc2 Bd7 23. Qe2 f5 24. Rd1 Be6 25. exf5 Bxf5 26. Qc4+ Qf7 27. Qxf7+ Kxf7 28. Rcc1 Rc6 29. Kf2 Rbc8 30. Na5 R6c7 31. g4 Be6 32. Rd3 Bxa2 33. Rc2 Bb1 34. Rcd2 Bxd3 35. Rxd3 Ke6 36. Ke2 Bxc5 37. Bxc5 Rxc5 38. Nxb7 Rd5 39. Rxd5 Kxd5 40. Kd3 Rf8 41. Ke3 Rf4 42. Na5 Ra4 43. c4+ Kc5 44. Nb7+ Kxc4 45. Nd6+ Kd5 46. Nb5 Kc5 47. Nc7 Kd6 48. Nb5+ Kc6 49. Nc3 Ra3 50. Kd2 Rxc3 51. Kxc3 Kd5 52. Kd3 a5 53. h4 a4 54. h5 gxh5 55. gxh5 a3 56. Kc3 a2 57. Kb2 Kd4 58. Kxa2 Ke3 59. Kb2 Kxf3 60. Kc2 e4 61. Kd2 Kf2 62. h6 e3+ 0-1

[Event "Wch U14 Girls"]
[Site "Mumbai"]
[Date "2019.10.06"]
[Round "6"]
[White "Pavalachandran, Ashvini"]
[Black "Hakobyan, Astghik"]
[Result "0-1"]
[WhiteElo "1678"]
[BlackElo "1978"]
[PlyCount "166"]
[EventDate "2019.10.02"]
[EventType "swiss"]
[EventRounds "11"]
[EventCountry "IND"]
[SourceTitle "EXT 2020"]
[Source "ChessBase"]
[SourceDate "2019.10.17"]
[SourceVersion "1"]
[SourceVersionDate "2019.10.17"]
[SourceQuality "1"]

1. d4 Nf6 2. c4 e6 3. Nc3 Bb4 4. Qc2 b6 5. a3 Bxc3+ 6. Qxc3 Bb7 7. Nf3 c5 8. b4 Ne4 9. Qc2 cxd4 10. Bb2 0-0 11. Bxd4 d6 12. g3 e5 13. Bb2 Nd7 14. Bg2 f5 15. 0-0 Rc8 16. Qb3 Kh8 17. Rfd1 Qe7 18. Nd2 Ndf6 19. Nxe4 fxe4 20. h3 Qe6 21. Rac1 b5 22. Qe3 bxc4 23. Qxa7 Qe7 24. Qa4 e3 25. f3 Nh5 26. Qa7 Nxg3 27. Qxe3 Nf5 28. Qd2 d5 29. e4 dxe4 30. fxe4 Nh4 31. Qe2 Qg5 32. Rc3 Nxg2 33. Qxg2 Qxg2+ 34. Kxg2 Bxe4+ 35. Kg3 Bd3 36. Rdxd3 cxd3 37. Rxd3 Rce8 38. b5 Rf7 39. Bxe5 Rf5 40. Bc3 Rxb5 41. Bb4 Rbe5 42. Kf3 h5 43. Rc3 Kh7 44. Rd3 g5 45. Rd7+ Kg6 46. Rd3 Rf5+ 47. Kg2 Re2+ 48. Kg1 Ref2 49. Rd6+ Rf6 50. Rxf6+ Rxf6 51. Kg2 Kf5 52. a4 Rc6 53. a5 Rc2+ 54. Kf3 Ra2 55. Be1 h4 56. Bb4 Rh2 57. a6 Ra2 58. Bc5 Rxa6 59. Bb4 Rb6 60. Bc5 Rb3+ 61. Be3 Ra3 62. Kf2 Ra2+ 63. Kg1 Re2 64. Bc5 Kf4 65. Bd6+ Kf3 66. Bc7 Rc2 67. Bd6 Rc6 68. Bb8 Rc4 69. Bd6 Rf4 70. Kh2 Rf6 71. Be5 Re6 72. Bc7 g4 73. hxg4 Kxg4 74. Kg2 Re2+ 75. Kf1 Kf3 76. Kg1 Rc2 77. Bd6 Kg4 78. Bh2 Kh3 79. Be5 Rg2+ 80. Kf1 Rg3 81. Bxg3 hxg3 82. Kg1 g2 83. Kf2 Kh2 0-1

[Event "Wch U14 Girls"]
[Site "Mumbai"]
[Date "2019.10.04"]
[Round "4"]
[White "Pavalachandran, Ashvini"]
[Black "Ishvi, Aggarwal"]
[Result "1-0"]
[WhiteElo "1678"]
[BlackElo "1935"]
[PlyCount "89"]
[EventDate "2019.10.02"]
[EventType "swiss"]
[EventRounds "11"]
[EventCountry "IND"]
[SourceTitle "EXT 2020"]
[Source "ChessBase"]
[SourceDate "2019.10.17"]
[SourceVersion "1"]
[SourceVersionDate "2019.10.17"]
[SourceQuality "1"]

1. d4 d5 2. c4 e6 3. Nc3 Nf6 4. Bg5 Be7 5. e3 h6 6. Bh4 0-0 7. Nf3 Nbd7 8. Rc1 c5 9. Bd3 b6 10. cxd5 Nxd5 11. Bxe7 Qxe7 12. Be4 N7f6 13. Bxd5 Nxd5 14. Nxd5 exd5 15. dxc5 Rd8 16. Nd4 Re8 17. c6 Qg5 18. 0-0 Bg4 19. Qd2 h5 20. Rfe1 h4 21. f4 Qg6 22. Nb5 Rec8 23. Qd1 Re8 24. Qd2 Rec8 25. Nd4 h3 26. g3 Qe4 27. Qc2 Bf3 28. Qxe4 Bxe4 29. Rc3 Kf8 30. g4 Ke7 31. Kf2 Rh8 32. Rec1 f6 33. c7 Kd7 34. Nb5 g5 35. Nd6 Kxd6 36. c8Q Raxc8 37. Rxc8 Rh4 38. Rg1 gxf4 39. exf4 f5 40. Rg8 d4 41. Kg3 Rh7 42. Rd8+ Rd7 43. Rxd7+ Kxd7 44. Rd1 d3 45. g5 1-0

[Event "Western Asia-ch U14 Girls"]
[Site "Delhi"]
[Date "2019.09.09"]
[Round "7"]
[White "Pavalachandran, Ashvini"]
[Black "Shivika, Rohilla"]
[Result "1-0"]
[WhiteElo "1642"]
[BlackElo "1780"]
[PlyCount "63"]
[EventDate "2019.09.06"]
[EventType "swiss"]
[EventRounds "9"]
[EventCountry "IND"]
[SourceTitle "CBM 192 Extra"]
[Source "Chessbase"]
[SourceDate "2019.11.06"]
[SourceVersion "1"]
[SourceVersionDate "2019.11.06"]
[SourceQuality "1"]

1. d4 d5 2. c4 e6 3. Nc3 Nf6 4. Bg5 Be7 5. e3 h6 6. Bh4 0-0 7. Nf3 b6 8. cxd5 Nxd5 9. Bxe7 Qxe7 10. Nxd5 exd5 11. Rc1 Bb7 12. Be2 c5 13. 0-0 Nd7 14. Bb5 c4 15. Bxd7 Qxd7 16. Ne5 Qe7 17. Qe2 b5 18. f4 Rfe8 19. Rf3 f6 20. Ng4 Bc8 21. Rg3 Kh8 22. Nxh6 gxh6 23. Qh5 Qf8 24. Rg6 Kh7 25. f5 Re7 26. Rf1 Rxe3 27. Rf4 Re4 28. Rf3 Bxf5 29. Qxf5 Re1+ 30. Kf2 Qe8 31. Rxf6+ Kh8 32. Rxh6+ 1-0

[Event "SRI-ch (Women)"]
[Site "Nugegoda"]
[Date "2019.07.08"]
[Round "13"]
[White "Ranasinghe, Sachini D"]
[Black "Pavalachandran, Ashvini"]
[Result "1/2-1/2"]
[WhiteElo "1844"]
[BlackElo "1578"]
[PlyCount "62"]
[EventDate "2019.06.29"]
[EventType "tourn"]
[EventRounds "13"]
[EventCountry "SRI"]
[SourceTitle "EXT 2020"]
[Source "ChessBase"]
[SourceDate "2019.10.17"]
[SourceVersion "1"]
[SourceVersionDate "2019.10.17"]
[SourceQuality "1"]

1. d4 Nf6 2. Nd2 g6 3. e4 d6 4. Ngf3 Bg7 5. c3 0-0 6. e5 dxe5 7. Nxe5 c5 8. dxc5 Qd5 9. Nd3 Bf5 10. Qb3 Qc6 11. Nf3 Na6 12. Nfe5 Qc8 13. Be3 Ne4 14. Qa3 Naxc5 15. Nxc5 Bxe5 16. Bd3 Nxc5 17. Bxf5 Qxf5 18. Qxc5 Qe6 19. 0-0 Bd6 20. Qg5 Rfd8 21. Bd4 f6 22. Qb5 Qd7 23. Qb3+ Kg7 24. Rad1 Qc6 25. Be3 b6 26. Rd4 Bc5 27. Rc4 Qd6 28. Bxc5 bxc5 29. Qa3 Rdc8 30. Qa4 Rd8 31. Qa3 Rdc8 1/2-1/2

[Event "SRI-ch (Women)"]
[Site "Nugegoda"]
[Date "2019.07.07"]
[Round "11"]
[White "Sanudula, KM Dahamdi"]
[Black "Pavalachandran, Ashvini"]
[Result "1/2-1/2"]
[WhiteElo "1364"]
[BlackElo "1578"]
[PlyCount "49"]
[EventDate "2019.06.29"]
[EventType "tourn"]
[EventRounds "13"]
[EventCountry "SRI"]
[SourceTitle "EXT 2020"]
[Source "ChessBase"]
[SourceDate "2019.10.17"]
[SourceVersion "1"]
[SourceVersionDate "2019.10.17"]
[SourceQuality "1"]

1. d4 Nf6 2. c4 g6 3. Nf3 Bg7 4. Nc3 0-0 5. e3 d6 6. Be2 Nbd7 7. 0-0 e5 8. dxe5 dxe5 9. Qc2 Qe7 10. b3 Rd8 11. Rd1 b6 12. Bb2 Bb7 13. Nd2 e4 14. Nf1 Ne8 15. Nd5 Bxd5 16. Rxd5 Bxb2 17. Qxb2 f5 18. Rad1 Nef6 19. R5d4 Kf7 20. Qd2 Ke8 21. Qb2 Kf7 22. Qd2 Ke8 23. Qb2 Kf7 24. Qd2 Ke8 25. Qb2 1/2-1/2

[Event "SRI-ch (Women)"]
[Site "Colombo"]
[Date "2018.05.12"]
[Round "11"]
[White "Ranasinghe, Sachini D"]
[Black "Pavalachandran, Ashvini"]
[Result "1-0"]
[WhiteElo "1789"]
[BlackElo "1632"]
[PlyCount "113"]
[EventDate "2018.05.04"]
[EventType "tourn"]
[EventRounds "13"]
[EventCountry "SRI"]
[SourceTitle "CBM 184 Extra"]
[Source "ChessBase"]
[SourceDate "2018.06.28"]
[SourceVersion "1"]
[SourceVersionDate "2018.06.28"]
[SourceQuality "1"]

1. Nf3 Nf6 2. g3 g6 3. Bg2 Bg7 4. d4 d6 5. 0-0 0-0 6. b3 Nc6 7. Bb2 Bd7 8. Nbd2 Re8 9. Re1 Qc8 10. e4 e5 11. dxe5 dxe5 12. Nc4 Bg4 13. Qc1 Bxf3 14. Bxf3 Kh8 15. Bg2 Nd7 16. Bh3 b5 17. Ne3 Nd4 18. Qd1 Qd8 19. Bxd7 Qxd7 20. c3 Rad8 21. cxd4 exd4 22. Ng2 Kg8 23. Qd3 c5 24. Rac1 Rc8 25. Nf4 Qb7 26. Ba1 Rc6 27. Rc2 Rec8 28. e5 Re8 29. Rce2 Qd7 30. Qxb5 a6 31. Qc4 Qe7 32. Bxd4 Rcc8 33. Bb2 Rc6 34. Nd5 Qd7 35. Nf6+ Bxf6 36. exf6 Rxe2 37. Qxe2 Re6 38. Qd1 Rxe1+ 39. Qxe1 Qe6 40. Qxe6 fxe6 41. g4 h6 42. h4 g5 43. hxg5 hxg5 44. Bc1 Kf7 45. Bxg5 e5 46. Kf1 Kg6 47. Ke2 a5 48. a4 Kf7 49. Ke3 Ke6 50. Ke4 Kf7 51. Kxe5 Kf8 52. Ke6 Kg8 53. f7+ Kf8 54. Be7+ Kg7 55. f8Q+ Kh7 56. g5 Kg6 57. Qh6# 1-0

[Event "SRI-ch (Women)"]
[Site "Colombo"]
[Date "2018.05.04"]
[Round "1"]
[White "Pavalachandran, Ashvini"]
[Black "Abeysinghe, HMH Janandani"]
[Result "1-0"]
[WhiteElo "1632"]
[BlackElo "1650"]
[PlyCount "53"]
[EventDate "2018.05.04"]
[EventType "tourn"]
[EventRounds "13"]
[EventCountry "SRI"]
[SourceTitle "CBM 184 Extra"]
[Source "ChessBase"]
[SourceDate "2018.06.28"]
[SourceVersion "1"]
[SourceVersionDate "2018.06.28"]
[SourceQuality "1"]

1. d4 f5 2. c4 e6 3. Nc3 Nf6 4. e3 d5 5. Bd3 c6 6. Nge2 Bd6 7. Qc2 0-0 8. f3 Nh5 9. g3 Qe7 10. 0-0 Nd7 11. Bd2 h6 12. e4 fxe4 13. fxe4 dxc4 14. Bxc4 Nb6 15. Rxf8+ Qxf8 16. Bb3 c5 17. Rf1 Qe8 18. e5 cxd4 19. exd6 dxc3 20. Nxc3 Bd7 21. Qe4 Rb8 22. Qe5 Qg6 23. Ne4 Re8 24. Bd1 Nc4 25. Qxh5 Qxe4 26. Qf7+ Kh8 27. Bc3 1-0